MDQL
is popping MORE tags! Check the
thread
!
Quizzes
Events
Quiz Creation
Community
Videos
Private Events
Remove Ads
Sign In
Join for FREE
Feedback
Dark Mode
Quiz Categories
Sports
Geography
Music
Movies
Television
Just For Fun
Miscellaneous
History
Literature
Language
Science
Gaming
Entertainment
Religion
Holiday
For Kids
Quiz Lab
Recent
Popular Today
Quiz Kudos Today
Editor Picks
Curator Picks
Quizzes by...
Day
Popularity
Type
Ratings
Length
Year
Community
Subscriptions
Recent Discussions
Orange Saloon
Badges
Playlists
Quests
Create
Leaderboards
Showdown
Live 5
Trivia Bingo
Activity
Puzzle Library
Sporcle Events
Private Events
Virtual Trivia
Globe League
Become a Host
Pub Owners
SporcleCon
Opinionation
Our Games
Videos
Blog
Mobile Apps
Partnerships
Remove Ads and Go Orange
Feedback
Gaming
Video Games
Board Games
Card Games
Pokémon
Mario
Nintendo
Minecraft
Console
Toys
Legend of Zelda
Gaming
Video Games
Board Games
Card Games
Pokémon
Mario
Nintendo
Minecraft
Console
Toys
Legend of Zelda
Random Quiz
Search Sporcle
×
Quiz Lab
Quiz Lab
Gaming
Nintendo
Type in answers that appear in a list
Type in answers that appear in a list
Classic
Best Score? Go Orange.
Pokémons at least 100 speed Stats
Can you name all the Pokémon at least 100 base speed?
By
justuskalliokosk
20m
174 Questions
637 Plays
637 Plays
637 Plays
Comments
Comments
Give Quiz Kudos
Give Quiz Kudos
-
- Ratings
hide this ad
Replay
Link that replays current quiz
Next Quiz
Link to next quiz in quiz playlist
You Got
0%
They Got
Avg Score
69%
Avg Friend Score
Upgrade to see
Score Distribution
Jump to the score distribution portion of the page
Score
0/174
Timer
20:00
0
Plays Today
Speed stat
Pokémon name
% Correct
100
Mew
94.2%
180
Deoxys (Speed-forme)
93.4%
150
Deoxys (Normal-forme)
93.4%
150
Deoxys (Attack-forme)
93.4%
140
M-Mewtwo Y
92.6%
130
Mewtwo
92.6%
130
M-Mewtwo X
92.6%
100
Charizard
91.4%
100
M-Charizard X
91.4%
100
M-Charizard Y
91.4%
150
M-Alakazam
91.1%
160
Ninjask
90.9%
120
Alakazam
90.9%
130
M-Gengar
89.3%
110
Gengar
89.3%
150
M-Aerodacyl
89.2%
145
M-Sceptile
89.2%
130
Aerodactyl
89.2%
120
M-Salamence
89.2%
120
Sceptile
89.2%
100
Zapdos
89.2%
100
Salamence
89.2%
121
M-Pidgeot
88.5%
101
Pidgeot
88.5%
110
Alolan Raichu
88.4%
132
Ash-Greninja
87.6%
110
Raichu
87.4%
125
Weavile
87.1%
110
Latias
87.1%
110
Latios
87.1%
110
M-Latias
87.1%
110
M-Latios
87.1%
130
Jolteon
86.8%
102
Garchomp
86.8%
122
Greninja
86.5%
150
Electrode
86.3%
100
M-Blaziken
86.3%
108
Infernape
86%
115
M-Rayquaza
85.4%
100
Celebi
85.2%
151
Pheromosa
84.5%
120
Arceus
84%
108
Virizion
83.2%
130
Crobat
83%
112
M-Lucario
82.9%
145
M-Beedrill
82.6%
108
Cobalion
82.3%
108
Terrakion
82.3%
100
Jirachi
82.3%
115
Sneasel
82.1%
100
Staraptor
82.1%
125
Swellow
81.9%
115
Raikou
81.9%
115
M-Houndoom
81.9%
121
Tornadus (Therian-Forme)
81.6%
111
Tornadus (Incarnate-forme)
81.6%
142
Dragapult
81.2%
108
Keldeo (Ordinary-forme)
81.2%
Speed stat
Pokémon name
% Correct
108
Keldeo (Resolute-forme)
81.2%
127
Shaymin (Sky-forme)
81%
111
Thundurus (Incarnate-forme)
81%
101
Thundurus (Therian-forme)
81%
100
Shaymin
81%
110
M-Gallade
80.8%
126
Talonflame
80.5%
110
Lugia
80.5%
101
Landorus (Incarnate-forme)
80.4%
100
Flygon
80.4%
105
M-Sharpedo
80.1%
100
Palkia
80.1%
100
M-Gardevoir
80.1%
125
Darkrai
78.6%
110
Froslass
78.6%
135
M-Manectric
78.5%
105
Manectric
78.5%
100
Victini
78.3%
110
M-Diancie
77.6%
109
Alolan Ninetales
77.4%
109
Kartana
77.4%
100
M-Medicham
76.6%
130
Tapu Koko
76.5%
104
Delphox
76%
128
Meloetta (Pirouette-forme)
75.8%
110
Archeops
75.7%
110
M-Metagross
75.5%
100
Volcarona
75.5%
100
Ninetales
75.2%
100
Entei
75.2%
103
Emolga
75%
118
Hawlucha
74.9%
115
Zygarde (10% forme)
74.8%
135
M-Lopunny
74.6%
105
Lopunny
74.6%
123
Noivern
73.6%
125
Marshadow
73.4%
113
Serperior
73.2%
115
Starmie
72.8%
110
Espeon
72.8%
100
Manaphy
72.4%
124
Ribombee
71.6%
117
Salazzle
71.6%
100
Typhlosion
71.6%
145
Accelgor
71.4%
110
Alolan Dugtrio
71.4%
130
Eternatus
71.3%
121
Naganadel
71%
105
Scyther
71%
148
Zacian (Crown)
70.9%
138
Zacian
70.9%
103
Nihilego
70.9%
106
Pyroar
70.8%
116
Whimsicott
70.5%
120
Dugtrio
70.3%
105
M-Pinsir
70.2%
105
Rapidash
69.9%
108
Galvantula
69.5%
Speed stat
Pokémon name
% Correct
119
Cinderace
69.5%
100
Galarian Linoone
69.5%
109
Heliolisk
69.2%
105
Galarian Rapidash
69.1%
101
Dedenne
69.1%
135
Galarian Darmanitan (Zen Mode)
68.8%
143
Zeraora
68.1%
129
Ultra Necrozma
67.6%
138
Zamazenta
67%
128
Zamazenta (Crown)
67%
115
Azelf
66.7%
110
Jumpluff
66.6%
110
Tauros
66.1%
100
Tentacruel
65.8%
120
Inteleon
65.6%
107
Blacephalon
64.5%
112
Scolipede
64.4%
110
Dodrio
64.2%
100
Linoone
64.2%
115
Alolan Persian
64%
105
Mismagius
63.9%
120
Minior (Cores)
63.7%
115
Persian
63.4%
115
M-Absol
63.1%
100
Fearow
62.8%
100
Voltorb
62.8%
110
Lycanroc (Dusk-forme)
62.8%
112
Lycanroc (Midday forme)
62.6%
101
Simisage
62.3%
101
Simipour
62.2%
116
Zebstrika
61.9%
101
Simisear
61.9%
100
M-Glalie
61.7%
100
Slaking
61.4%
105
Kadabra
60.9%
102
Drakloak
60.3%
109
Durant
59.5%
114
Swoobat
59.2%
105
Zoroark
58.4%
100
Regigigas
56.8%
100
Galarian Mr. Mime
56.4%
105
Mienshao
56%
106
Liepard
55.9%
115
Floatzel
54.3%
105
Cryogonal
52.9%
136
Barraskewda
51.4%
100
Miltank
51%
105
Electabuzz
50.5%
115
Ambipom
50.1%
100
M-Kangaskhan
49.3%
112
Purugly
47.4%
115
Cinccino
42.9%
104
Meowstic (Female)
42.9%
104
Meowstic (Male)
42.9%
121
Boltund
42.6%
130
Eiscue (Noice Face)
36.9%
100
Comfey
34.4%
102
Furfrou
30.1%
Quiz Playlist
Details
Report
Send in Message
Add To Playlist
Classic:
Type in answers that appear in a list
Last Updated: May 31, 2020
Quiz Scoreboard
CHALLENGE
Sign Up to Join the Scoreboard
Show All
Scores
Hide
Comments
May contain spoilers
Recently Published
Holiday 10x10 Sorting Gallery
by lukepisani3
Holiday
15m
Two Season TV Shows II
by 123Four
Television
10m
Image Sorting: Flags VI
by Barbecue
Geography
2m
More to Explore
Quiz From the Vault
Featured Blog Post
14 Easter Pick-up Lines to Find Eggs With
hide this ad
You Might Also Like...
Tags
Nintendo Quiz
Pokémon Quiz
Video Games Quiz
All Pokémon
Quick
Speed
Stat Pokémon
Strongest Pokémon
Today's Top Quizzes in Gaming
Browse Gaming
hide this ad
Today's Top Quizzes in Nintendo
Browse Nintendo
Top Contributed Quizzes in Gaming
1
League of Legends Pro Players by Career/Team History
2
Genshin Impact Logic Puzzle
3
Destiny 2 exotic weapons by perk icons
4
Genshin Impact Logic Puzzle Quiz
5
Genshin murder mystery
6
4x4 Decades: Video Games
7
Who's on the WWE 2K24 Cover?
8
Ultimate Genshin Impact Logic Puzzle (up to 4.3)
9
Dead By Daylight Logic Puzzle
10
Undertale Logic Puzzle
Explore More
Trending Topics
Kpop
Marvel
NBA
Anime
Disney
Crossword
Harry Potter
WWE
Country
Soccer
Puzzle
The Office
Song
NFL
Pokémon
hide this ad
More By:
justuskalliokosk
Quiz
Plays
Rating
Category
Featured
Created
Pokémons at least 100 speed
637
4.00
Gaming
Jul 5, 2016
Go to Creator's Profile
Score Distribution
Quiz Creator Spotlight
justuskalliokosk
Follow
Send a Message
Quizzes Created
-
Created Quiz Play Count
-
More By This Creator
Popular Quizzes Today
1
Find the US States - No Outlines Minefield
2
Colored Red Africa Blitz
3
Find the 'City' Movie
4
The Countries of the World
5
Find the US States
6
5x2 Blitz: Bands
7
Find the Countries of Europe - No Outlines Minefield
8
US States
More Gaming Quizzes
Board Game Multiple Choice
Published
Trending Quizzes
Colored Red Europe Blitz I
Colored Red Europe Blitz II
Colored Red Africa Blitz II
Colored Red Europe Blitz III
Colored Red Africa Blitz III
Recently Updated
Odd Team Out - Big 4 Players
pecheneg
Quick Pick: 20 Twenties
pecheneg
March Madness Men's Triple Doubles
pecheneg
How Do You Spell That?
pecheneg
Godzilla Movies
pecheneg
Grab Bag: 4-10 Letters
pecheneg
2024 March Madness Bracket
pecheneg
Famous TV Couples
Peacemaker
Champions League XIs: Real Madrid
pecheneg
Largest US Cities 1790-2010
pecheneg
Trending Topics
Anime
Disney
Marvel
Harry Potter
Kpop
NBA
Crossword
Song
Pokémon
The Office
NFL
Country
WWE
Soccer
Puzzle
Your Account Isn't Verified!
In order to create a playlist on Sporcle, you need to verify the email address you used during registration. Go to your
Sporcle Settings
to finish the process.
Report this User
Report this user for behavior that violates our
Community Guidelines
.
Details:
Send Report
Go to the Sporcle.com Mobile Site →
Comments